000 01277nam a2200229Ia 4500
003 Ost
005 20260507075001.0
008 260507s9999||||xx |||||||||||||| ||und||
040 _cfsecg
041 _aara
082 _a658
100 _aالصميدعي، محمود جاسم
_eمؤلف
245 0 _aإدارة الأعمال الدولية /
_c محمود جاسم الصميدعي
260 _aعمان:
_bدار المناهج للنشر,
_c2007
300 _a317 صفحة؛
_c24 سم
504 _aبيبليوغرافيا: ص.311-317
520 _aيضم مقدمة في إدارة الاعمال الدولية و بيئة الاعمال الدولية، نظريات الاعمال الدولية ، المنافسة الكونية و تحليل و اختبار الاسواق الدولية، هيكل الاعمال الكونية التسويق الدولي، التعقيدات الاضافية للتسوق الدولي، ادارة الانتاج الدولي و نظام الامداد،ادارة الموارد البشرية، الادارة المالية الدولية.
653 _aإدارة الأعمال
653 _aالتسويق الدولي
700 _aردينة، عثمان يوسف
_eمؤلف ثانوي
942 _cكتاب
999 _c42073
_d42073